| 000 | 00000nam##2200000za#4500 |
| 001 | 9.634269 |
| 003 | CaOODSP |
| 005 | 20210624215723 |
| 007 | cr ||||||||||| |
| 008 | 150407|2007||||xxc|||||o f|0| 0 fre|d |
| 020 | |a978-0-662-09545-3 |
| 040 | |aCaOODSP|bfre |
| 043 | |an-cn--- |
| 086 | 1 |aHS1-8/2006F-PDF |
| 110 | 1 |aCanada. |bRessources humaines et développement social Canada. |
| 245 | 10|aActivités et dépenses relatives au développement de la petite enfance et activités et dépenses relatives à l'apprentissage et à la garde des jeunes enfants : rapports 2004-2005 et 2005-2006 du Gouvernement du Canada |h[ressource électronique] |
| 260 | |aOttawa - Ontario : |bRessources humaines et Développement social Canada |c2007. |
| 590 | |a13-08-Supp|b2013-04-02 |
| 691 | 07|aDéveloppement de l'enfant|2gcpds |
| 691 | 07|aSoin de l'enfant|2gcpds |
| 691 | 07|aProgramme fédéral|2gcpds |
| 691 | 07|aSanté de l'enfant|2gcpds |
| 691 | 07|aSécurité de l'enfant|2gcpds |
| 775 | 08|tEarly childhood development activities and expenditures and early learning and child care activities and expenditures : Government of Canada reports 2004–2005 and 2005-2006 |w(CaOODSP)9.689892 |
| 856 | 40|ahttp://publications.gc.ca|qPDF|s652 Ko|uhttps://publications.gc.ca/collections/collection_2013/rhdcc-hrsdc/HS1-8-2006-fra.pdf |